Statistics for European Countries by Population Density

Click here to take the quiz!

General Stats

  • This quiz has been taken 155 times
  • The average score is 26 of 40

Answer Stats

Population density (/km^2)Country% Correct
18,960Monaco
99%
2,273Vatican City
97%
1,505Malta
93%
546San Marino
91%
272United Kingdom
91%
374Belgium
90%
416Netherlands
90%
238Liechtenstein
84%
232Germany
79%
233Luxembourg
79%
200Italy
72%
3,5Iceland
70%
14Norway
69%
206Switzerland
68%
135Denmark/Czech Republic
67%
29Estonia/Russia
67%
16Finland
66%
23Sweden
66%
118France
63%
123Poland
62%
30Latvia
61%
43Lithuania
61%
112Portugal
60%
160Andorra
59%
175Kosovo
58%
106Austria
57%
46Belarus
56%
73Ukraine/Croatia
55%
111Slovakia
53%
105Hungary
52%
69Ireland/Bosnia and Herzegovina
51%
82Romania/Greece
51%
92Spain
51%
45Montenegro
50%
90Serbia
48%
102Slovenia
47%
64Bulgaria
45%
81North Macedonia
45%
100Albania
42%
103Moldova
41%

Score Distribution

Percentile by Number Answered

Percent of People with Each Score

Your Score History

You have not taken this quiz